Public health nursing : (Record no. 21671)
[ view plain ]
| 000 -LEADER | |
|---|---|
| fixed length control field | 01017cam a22002895a 4500 |
| 001 - CONTROL NUMBER | |
| control field | 18505617 |
| 005 - DATE AND TIME OF LATEST TRANSACTION | |
| control field | 20171024135955.0 |
| 008 - FIXED-LENGTH DATA ELEMENTS--GENERAL INFORMATION | |
| fixed length control field | 150223t2016 moua frb 001 0 eng d |
| 020 ## - INTERNATIONAL STANDARD BOOK NUMBER | |
| International Standard Book Number | 9780323321532 |
| 040 ## - CATALOGING SOURCE | |
| Original cataloging agency | DNLM/DLC |
| Language of cataloging | eng |
| Transcribing agency | DLC |
| Modifying agency | EG-ScBUE |
| -- | EG-ScBUE |
| 082 04 - DEWEY DECIMAL CLASSIFICATION NUMBER | |
| Classification number | 610.7343 |
| Item number | PUB |
| Edition number | 22 |
| 130 0# - MAIN ENTRY--UNIFORM TITLE | |
| Uniform title | Public health nursing (Stanhope) |
| 9 (RLIN) | 37667 |
| 245 10 - TITLE STATEMENT | |
| Title | Public health nursing : |
| Remainder of title | population-centered health care in the community / |
| Statement of responsibility, etc | [edited by] Marcia Stanhope, Jeanette Lancaster. |
| 250 ## - EDITION STATEMENT | |
| Edition statement | 9th ed. |
| 260 ## - PUBLICATION, DISTRIBUTION, ETC. (IMPRINT) | |
| Place of publication, distribution, etc | Missouri : |
| Name of publisher, distributor, etc | Elsevier, |
| Date of publication, distribution, etc | c.2016. |
| 300 ## - PHYSICAL DESCRIPTION | |
| Extent | xviii, 1101 p. : |
| Other physical details | ill. ; |
| Dimensions | 28 cm. |
| 500 ## - GENERAL NOTE | |
| General note | Index : p. 1073-1101. |
| 504 ## - BIBLIOGRAPHY, ETC. NOTE | |
| Bibliography, etc | Includes bibliographical references. |
| 650 #7 - SUBJECT ADDED ENTRY--TOPICAL TERM | |
| Topical term or geographic name as entry element | Community health nursing. |
| Source of heading or term | BUEsh |
| 9 (RLIN) | 4083 |
| 650 #7 - SUBJECT ADDED ENTRY--TOPICAL TERM | |
| Topical term or geographic name as entry element | Public health nursing. |
| Source of heading or term | BUEsh |
| 9 (RLIN) | 39882 |
| 651 ## - SUBJECT ADDED ENTRY--GEOGRAPHIC NAME | |
| Source of heading or term | BUEsh |
| 653 ## - INDEX TERM--UNCONTROLLED | |
| Resource For college | Nursing |
| Arrived date list | April2016 |
| -- | October2017 |
| 655 ## - INDEX TERM--GENRE/FORM | |
| Form subdivision | Text book |
| -- | 33728 |
| 700 1# - ADDED ENTRY--PERSONAL NAME | |
| Personal name | Stanhope, Marcia, |
| Relator term | editor. |
| 9 (RLIN) | 37665 |
| 700 1# - ADDED ENTRY--PERSONAL NAME | |
| Personal name | Lancaster, Jeanette, |
| Relator term | editor. |
| 9 (RLIN) | 37666 |
| 942 ## - ADDED ENTRY ELEMENTS (KOHA) | |
| Source of classification or shelving scheme | Dewey Decimal Classification |
| Withdrawn status | Item status | Source of classification or shelving scheme | Damaged status | Not for loan | Vendor | Home library | Current library | Shelving location | Date acquired | Source of acquisition | Cost, normal purchase price | Total Checkouts | Total Renewals | Full call number | Barcode | Date last seen | Date last borrowed | Cost, replacement price | Koha item type |
|---|---|---|---|---|---|---|---|---|---|---|---|---|---|---|---|---|---|---|---|
| Dewey Decimal Classification | Alahram | Central Library | Central Library | First floor | 20/04/2016 | Purchase | 1120.00 | 2 | 35 | 610.7343 PUB | 000032397 | 15/07/2025 | 15/02/2017 | 1400.00 | NB - Book (Non borrowing) | ||||
| Dewey Decimal Classification | Alahram | Central Library | Central Library | First floor | 20/04/2016 | Purchase | 1120.00 | 1 | 1 | 610.7343 PUB | 000032398 | 15/07/2025 | 06/09/2016 | 1400.00 | NB - Book (Non borrowing) | ||||
| Dewey Decimal Classification | Baccah | Central Library | Central Library | First floor | 24/10/2017 | Purchase | 1650.00 | 1 | 610.7343 PUB | 000046809 | 15/07/2025 | 04/10/2018 | Book - Borrowing | ||||||
| Dewey Decimal Classification | Baccah | Central Library | Central Library | First floor | 24/10/2017 | Purchase | 1650.00 | 2 | 10 | 610.7343 PUB | 000046810 | 15/07/2025 | 05/11/2019 | Book - Borrowing | |||||
| Dewey Decimal Classification | Baccah | Central Library | Central Library | First floor | 24/10/2017 | Purchase | 1650.00 | 1 | 13 | 610.7343 PUB | 000046811 | 15/07/2025 | 04/10/2018 | Book - Borrowing |